000 00644nam a2200241Ia 4500
003 OSt
005 20220918214436.0
006 a|||||r|||| 00| 0
007 ta
008 220917b |||||||| |||| 00| 0 eng d
024 _a137,549
037 _cTextual
040 _aARTS
_cARTS
_beng
041 _2eng
_aeng
082 _aXM25:51u2.N68, K8
110 _aReserve Bank Of India
_942573
245 0 _aDevelopment of co-operative marketing
_b a survey report
260 _c1968
650 _aECONOMICS
700 _aReserve Bank Of India
_942574
942 _hXM25:51u2.N68, K8
_cTEXL
_2CC
999 _c260629
_d260629